000 01419nam a2200289 i 4500
001 bg
245 0 0 _aWieś polska w świetle wyników NSP 2002 r. i PSR 2002 r. :
_b(aspekty społeczne, ekonomiczne i przestrzenne) /
_cpod red. Andrzeja Stasiaka.
260 _aWarszawa :
_bKPZK PAN,
_c2004.
300 _a271 s. :
_bmapy, wykr. ;
_c21 cm.
490 1 _aBiuletyn / Polska Akademia Nauk. Komitet Przestrzennego Zagospodarowania Kraju / Wyższa Szkoła Ekonomiczna w Białymstoku,
_x0079-3493 ;
_vZ. 213
500 _aMateriały pokonferencyjne z konf. pt.: "Wieś polska w świetle wyników Narodowego Spisu Powszechnego (NSP) 2002 oraz Powszechnego Spisu Rolnego (PSR) 2002 - aspekty społeczne, ekonomiczne, przestrzenne".
500 _aStreszcz. ang. przy ref.
504 _aBibliogr. przy ref.
650 9 _aRolnictwo
_zPolska
_yod 1989 r.
650 9 _aSpis powszechny
_zPolska
_y2002 r.
650 9 _aWieś
_xludność
_zPolska
_yod 1989 r.
700 1 _aSTASIAK, Andrzej.
_eRed.
830 0 _aBiuletyn (Polska Akademia Nauk. Komitet Przestrzennego Zagospodarowania Kraju) ;
_vZ. 213
020 _a8389693151
040 _cBPK
041 0 _apol
_beng
080 _a63:311.3:314](438)"1989/..."
920 _a83-89693-15-1
942 _cKS
008 s pl f |000 0 pol
999 _c44993
_d44993
856 _uhttp://koha.tu.koszalin.pl/cgi-bin/koha/opac-detail.pl?biblionumber=44993
_yKatalog online BPK